Normal view
MARC view
- عياد، شكري
Entry Personal Name
001 - CONTROL NUMBER
- control field: 40097
003 - CONTROL NUMBER IDENTIFIER
- control field: JO-AjAnu
005 - DATE AND TIME OF LATEST TRANSACTION
- control field: 20230606080649.0
008 - FIXED-LENGTH DATA ELEMENTS
- fixed length control field: 230606|| aca||aabn | a|a d
040 ## - CATALOGING SOURCE
- Original cataloging agency: JO-AjAnu
- Transcribing agency: JO-AjAnu
100 ## - HEADING--PERSONAL NAME
- Personal name: عياد، شكري
670 ## - SOURCE DATA FOUND
- Source citation: Work cat.: (JO-AjAnu)20556: عياد، شكري, author, النقد والبلاغة